Mike Myers Filmography - Statistics

General Stats
  • This quiz has been taken 223 times
    35 since last reset
  • The average score is 20 of 75
Answer Stats
Type Year Name % Correct
Film 1997 Austin Powers: International Man of Mystery
96%
Film 2001 Shrek
92%
Film 2004 Shrek 2
92%
Film 2010 Shrek Forever After
92%
Film 1999 Austin Powers: The Spy Who Shagged Me
88%
Film 2007 Shrek the Third
88%
TV Show 1989-1995, 1997, 2011, 2014, 2015, 2025 Saturday Night Live
83%
Film 1992 Wayne's World
83%
Film 2002 Austin Powers in Goldmember
79%
Film 2003 The Cat in the Hat
79%
Film 1993 Wayne's World 2
79%
Film 2026 Shrek 5
63%
Music Video 1992 Bohemian Rhapsody
58%
Film 2018 Bohemian Rhapsody
58%
Film 2009 Inglourious Basterds
58%
Film 1993 So I Married an Axe Murderer
58%
Film 2008 The Love Guru
54%
Film 2022 Amsterdam
42%
TV Short 2007 Shrek the Halls
38%
Film 2018 Terminal
29%
Film 1999 Mystery, Alaska
25%
Amusement Park Attraction 2003 Shrek 4-D
25%
Film 1998 54
21%
Music Video 1999 Beautiful Stranger
21%
TV Short 2010 Scared Shrekless
21%
Film 2003 View from the Top
21%
TV Film 1988 110 Lombard
17%
Award Show 1997 1997 MTV Movie Awards
17%
Award Show 2008 2008 MTV Movie Awards
17%
TV Show 1980 Bizarre
17%
Short Film 1989 Elvis Stories
17%
TV Show 1987 It's Only Rock & Roll
17%
TV Film 1985 John and Yoko: A Love Story
17%
TV Show 1975 King of Kensington
17%
TV Short 1987 Meet Julie
17%
Film 2003 Nobody Knows Anything!
17%
Short Film 2012 Oscar Etiquette
17%
Film 1998 Pete's Meteor
17%
TV Show 1977 Range Ryder and the Calgary Kid
17%
TV Special 2025 SNL50: The Anniversary Special
17%
Documentary 2013 Supermensch: The Legend of Shep Gordon
17%
TV Show 1979 The Littlest Hobo
17%
Film 1998 The Thin Pink Line
17%
TV Show 1986, 1987 Wide Awake Club
17%
Music Video 2002 Boys
13%
Music Video 2003 Hang On
13%
Award Show 2004 Nickelodeon Kids' Choice Awards '04
13%
TV Show 2017 DreamWorks Shrek's Swamp Stories
8%
Commercial 2002 Pepsi
8%
Commercial 2001 Pepsi Twist
8%
Short Film 2012 Shrek's Thrilling Tales
8%
Short Film 2010 Shrek's Yule Log
8%
TV Show 2017-2018 The Gong Show
8%
Web Mini-Series 2022 The Pentaverate
8%
Commercial 2021 Uber Eats
8%
TV Show 2008 American Idol
4%
TV Film 1997 Austin Powers' Electric Psychedelic Pussycat Swingers Club
4%
Commercial 1973 BC Hydro
4%
Commercial 1997 Comedy Central
4%
Commercial 2006 DirecTV
4%
Short Film 2010 Donkey's Christmas Shrektacular
4%
Short Film 2004 Far Far Away Idol
4%
Music Video 1992 Feed My Frankenstein
4%
Commercial 2022 General Motors
4%
Commercial 1999 Heineken
4%
Documentary Series TBA Hockey Fanatics
4%
Music Video 1992 Hot and Bothered
4%
TV Show 1994 Live & Kicking
4%
Commercial 1999 Philips HD Television
4%
TV Show 1997 Sparkle Lounge
4%
Award Show 1998 The 1998 Annual ShoWest Awards
4%
Documentary Series 2018 The History of Comedy
4%
TV Film 1993 Wayne and Garth's Saturday Night Live Music a Go-Go
4%
TV Show 1994 What's Up Doc?
4%
Music Video 2002 Work It Out
4%
No matching quizzes found
Score Distribution
Percent of People with Each Score
Percentile by Number Answered
Your Score History
You have not taken this quiz since the last reset